Philatelic and Postal History of Hong Kong and the Treaty Ports in China and Japan (Record no. 70)

000 -LEADER
fixed length control field 00400nam a22001457a 4500
003 - CONTROL NUMBER IDENTIFIER
control field OSt
008 - FIXED-LENGTH DATA ELEMENTS--GENERAL INFORMATION
fixed length control field 110524b xxu||||| |||| 00| 0 eng d
020 ## - INTERNATIONAL STANDARD BOOK NUMBER
International Standard Book Number 9789963762477
041 ## - LANGUAGE CODE
Language code of text/sound track or separate title eng
100 1# - MAIN ENTRY--PERSONAL NAME
Personal name Webb, Francis Wynne
245 10 - TITLE STATEMENT
Title Philatelic and Postal History of Hong Kong and the Treaty Ports in China and Japan
260 ## - PUBLICATION, DISTRIBUTION, ETC. (IMPRINT)
Place of publication, distribution, etc. US
Name of publisher, distributor, etc. Bendon (James),Cyprus
300 ## - PHYSICAL DESCRIPTION
Extent 556 pages
942 ## - ADDED ENTRY ELEMENTS (KOHA)
Edition reprint 1994
Holdings
Withdrawn status Lost status Source of classification or shelving scheme Materials specified (bound volume or other part) Damaged status Not for loan Permanent location Current location Shelving location Date acquired Total Checkouts Full call number Barcode Date last seen Copy number Price effective from Koha item type
      Hardcover     Northern Philatelic Library Northern Philatelic Library Closed Stacks 05/24/2011   G7941 .P856 W356 1000073 06/27/2015 1 06/27/2015 Books

Powered by Koha